000 00348nam a2200097Ia 4500
082 _a158.4|MOLA
245 0 _aTake charge in times of challenge : learn to lead when life lessons seems dark, difficult and dismal
100 _a Molapo, David Cape Town, [South Africa], 2013
_949368
942 _cBK
008 210817s9999 xx 000 0 und d
999 _c159935
_d159934